| 000 | 00905nam a2200265 a 4500 | ||
|---|---|---|---|
| 001 | BRL_1938 | ||
| 005 | 20190320211438.0 | ||
| 008 | 190815s1964----mx-ah#####---#000-0#spa-# | ||
| 041 | _aeng | ||
| 044 | _amx | ||
| 050 | 4 |
_aF1219 _b.A376 1964 |
|
| 100 | 1 |
_aCaso, Alfonso _d1896-1970 _918336 |
|
| 245 | 1 | 0 |
_aInterpretación del codice selden, 3135 (A.2) _cAlfonso Caso. |
| 260 |
_aMéxico _bSociedad Mexicana de Antropología _c1964 |
||
| 300 |
_a100 p. _bil. _c33 cm. _e+ 1 facsimile (18 láms. en forma de biombo : col. ; 26 x 27 cm.) |
||
| 500 | _aAu390 | ||
| 500 | _aEl material esta encuadernado en una caja (38 x 34 cm.) | ||
| 504 | _aBibliografía: p. 53-54 | ||
| 630 | 0 | 4 |
_aCodice Selden _928275 |
| 650 | 1 | 4 |
_aManuscritos mexicanos _xFacsímiles _95310 |
| 650 | 1 | 4 |
_aMixtecos _vEscritura _928276 |
| 650 | 1 | 4 |
_aIndígenas de México _xLenguas - Escritura _928277 |
| 902 | _aGRL | ||
| 942 |
_2lcc _cB |
||
| 999 |
_c10746 _d10746 |
||